000 00552nam a22001937a 4500
003 BUBTL
008 221125b ||||| |||| 00| 0 eng d
020 _a8189293001
082 _a801.95/ G155l/ 2005
100 _94976
_aGangopadhyay, Avik
245 _aLiterary Theories and Criticism Beyond Modernism :
_bAvik Gangopadhyay
250 _a1st Edn
260 _aKolkata
_bBooks Way
_cc2005
300 _a227p. :
_b23 cm
700 _94976
_aGangopadhyay, Avik
856 _k0
_l0
_yDownload
942 _2ddc
_cBK
999 _c6834
_d6834